Federal Court of Appeal

Bibliographic Details
Format: Unknown
Language:English
Published: Canad ̀: [s.n]
Subjects:
Online Access:Acceso restringido

MARC

LEADER 00000ny a22000003n 4500
005 2011051008308.0
008 071017c cn mr pss 0 a0eng d
035 |a 2253 
040 |a BUS  |d vLex 
090 |c 1546  |d 1546 
245 3 0 |a Federal Court of Appeal  |h [Recurso electrn̤ico] 
256 |a Servicio en ln̕ea 
260 |a Canad ̀:  |b [s.n] 
310 |a Irregular 
650 0 4 |a Tribunales  |z Canad ̀  |x Publicaciones perid̤icas 
740 0 |a vLex Revista (Servicios en ln̕ea) 
843 |a Electrn̤ica. Abierta 
853 |8 1  |i (year)  |j (month)  |k (day) 
856 4 0 |z Acceso restringido  |u http://vlex.com/account/login_ip?fuente_id=2253  
942 |c REV